| Tag |
First Indicator |
Second Indicator |
Subfields |
| LEADER |
00000cam a2200000 a 4500 |
| 001 |
in00002420708 |
| 005 |
20151110122912.0 |
| 008 |
080507s2009 nyu 000 1 eng |
| 010 |
|
|
|a 2008020986
|
| 020 |
|
|
|a 9780525950516 :
|c $29.95
|
| 020 |
|
|
|a 0525950516 :
|c $29.95
|
| 035 |
|
|
|a (OCoLC)ocn227328694
|
| 040 |
|
|
|a DLC
|c DLC
|d UtOrBLW
|
| 049 |
|
|
|a TXAM
|
| 050 |
0 |
0 |
|a PS3554.A4675
|b I5 2009
|
| 082 |
0 |
0 |
|a 813/.54
|2 22
|
| 100 |
1 |
|
|a D'Amato, Brian.
|
| 245 |
1 |
0 |
|a In the courts of the sun /
|c Brian D'Amato.
|
| 264 |
|
1 |
|a New York :
|b Dutton,
|c [2009]
|
| 264 |
|
4 |
|c ©2009
|
| 300 |
|
|
|a 684 pages :
|b illustrations, maps ;
|c 25 cm.
|
| 336 |
|
|
|a text
|b txt
|2 rdacontent
|
| 337 |
|
|
|a unmediated
|b n
|2 rdamedia
|
| 338 |
|
|
|a volume
|b nc
|2 rdacarrier
|
| 650 |
|
0 |
|a Time travel
|v Fiction.
|
| 650 |
|
0 |
|a Mayas
|x Prophecies
|v Fiction.
|
| 650 |
|
0 |
|a Maya calendar
|v Fiction.
|
| 650 |
|
0 |
|a Science fiction.
|
| 856 |
4 |
2 |
|3 Publisher description
|u http://www.loc.gov/catdir/enhancements/fy0906/2008020986-d.html
|t 0
|
| 945 |
|
|
|a PromptCat
|b 720508
|
| 946 |
|
|
|a stk
|
| 947 |
|
|
|a A14840109493
|
| 948 |
|
|
|a cataloged
|b h
|c 2009/6/11
|d c
|e dmitchel
|f 9:14:12 am
|
| 994 |
|
|
|a 92
|b TXA
|
| 999 |
|
|
|a MARS
|
| 999 |
f |
f |
|s d7b5c9fe-8b24-30a8-97d4-eaff1e0e0e58
|i 46abf6e2-bcf1-3295-a1c1-886a62675c4c
|t 0
|
| 952 |
f |
f |
|p ric
|a Texas A&M University
|b Rellis Campus
|c Joint Library Facility
|d Remote Storage
|t 0
|e PS3554.A4675 I5 2009
|h Library of Congress classification
|i unmediated -- volume
|m A14840109493
|
| 998 |
f |
f |
|a PS3554.A4675 I5 2009
|t 0
|l Remote Storage
|